000 00415nam a22001337a 4500
005 20250619123628.0
008 250619b |||||||| |||| 00| 0 eng d
050 _aBR516
_b.C72 COU
100 _aCOUSINS NORMAN
245 _aIN GOD WE TRUST;
_bTHE RELIGIOUS BELIEFS AND IDEAS OF THE AMERICAN FOUNDING FATHERS
260 _aNEW YORK
_bHARPER AND BROTHERS PUBLISHERS
_cc1958
300 _aviii, 464p
942 _2lcc
_cBK
_n0
999 _c6589
_d6589